Developments in uranium resources, production, demand and the evironment

Αποθηκεύτηκε σε:
Λεπτομέρειες βιβλιογραφικής εγγραφής
Συγγραφή απο Οργανισμό/Αρχή: International Atomic Energy Agency
Μορφή: Βιβλίο
Γλώσσα:English
Δημοσίευση: Vienna : International Atomic Energy Agency, 2005
Σειρά:IAEA-TECDOC ; ; 1425
Θέματα:
Ετικέτες: Προσθήκη ετικέτας
Δεν υπάρχουν, Καταχωρήστε ετικέτα πρώτοι!

MARC

LEADER 00000nam a2200000 i 4500
001 1/93036
008 080903s2005 eng d
020 |a 92-0-112904-1 
022 |a 10114289 
035 |l 10099846 
040 |a GR-MY-UA  |b gre  |e aacr 
041 0 |a eng 
082 0 |a 338.274932  |2 (22) 
245 1 0 |a Developments in uranium resources, production, demand and the evironment /  |c International Atomic Energy Agency 
260 |a Vienna :   |b International Atomic Energy Agency,   |c 2005 
300 |a 187 σ.;  |b εικ., χάρτες, πίν.;  |c 29 εκ. 
490 1 |a IAEA-TECDOC  |v ; 1425 
500 |a Πρακτικά μιας τεχνικής συνάντησης επιτροπής που διοργανώνεται στη Βιέννη, 15-18 Ιουνίου 1999 
504 |a Περιέχει βιβλιογραφικές παραπομπές 
650 0 0 |a Uranium industry. 
650 0 0 |a Uranium mines and mining. 
710 2 |a International Atomic Energy Agency. 
830 0 |a IAEA-TECDOC ;  |v ; 1425 
852 |a INST  |b LESVOS  |e 20080903  |h 338.274932 DEV  |p 005100042068  |q 005100042068  |t BK  |y 0 
901 |a BIBL1-2008-3 
909 |a Λ  |b 151712 
922 |a 1ΕΛΗ  |b 200803  |c ΕΠΕΑΕΚ2/ΤΠ  |d ΠΑΠΑΣΩΤΗΡΙΟΥ 
970 |a ΓΙΑΛΑΜΑ  |b ΜΑΡΙΑ  |z 2008/09/03